[Event "FRA-chT4 0506"]
[Site "France"]
[Date "2006.03.12"]
[Round "6"]
[White "Bultel, Bruno"]
[Black "Hentzien, Maxime"]
[Result "0-1"]
[WhiteElo "1930"]
[BlackElo "2040"]
[PlyCount "58"]
[EventDate "2005.10.02"]
[EventType "team"]
[EventRounds "9"]
[EventCountry "FRA"]
[SourceTitle "EXT 2007"]
[Source "ChessBase"]
[SourceDate "2006.11.23"]
[SourceVersion "1"]
[SourceVersionDate "2006.11.23"]
[SourceQuality "1"]

1. e4 c6 2. d4 d5 3. Nc3 dxe4 4. Nxe4 Nd7 5. Bd3 Ngf6 6. Be3 Nxe4 7. Bxe4 Nf6 8. Bf3 g6 9. Qd2 Bg7 10. 0-0-0 0-0 11. d5 cxd5 12. Bxd5 Nxd5 13. Qxd5 Be6 14. Qxd8 Rfxd8 15. Rxd8+ Rxd8 16. a3 a6 17. Ne2 Bc4 18. Re1 Bb5 19. c3 e5 20. Rd1 Rxd1+ 21. Kxd1 f5 22. b3 Kf7 23. c4 Bc6 24. f3 Ke6 25. Kd2 h6 26. h4 g5 27. Nc3 g4 28. fxg4 f4 29. Bb6 Bxg2 0-1

[Event "FRA-chT4 0506"]
[Site "France"]
[Date "2006.??.??"]
[Round "7"]
[White "Bultel, Bruno"]
[Black "Sohier, Renaud"]
[Result "0-1"]
[WhiteElo "1930"]
[BlackElo "1940"]
[PlyCount "94"]
[EventDate "2005.10.02"]
[EventType "team"]
[EventRounds "9"]
[EventCountry "FRA"]
[SourceTitle "EXT 2007"]
[Source "ChessBase"]
[SourceDate "2006.11.23"]
[SourceVersion "1"]
[SourceVersionDate "2006.11.23"]
[SourceQuality "1"]

1. e4 g6 2. d4 Bg7 3. c3 b6 4. Nf3 Bb7 5. Bd3 Nf6 6. Qe2 d5 7. Nbd2 c5 8. exd5 cxd4 9. Bb5+ Nbd7 10. Nxd4 Nxd5 11. N2f3 0-0 12. 0-0 e5 13. Bg5 Qc7 14. Nc2 h6 15. Bd2 Nc5 16. Rfe1 Nf4 17. Bxf4 exf4 18. Qe7 Qxe7 19. Rxe7 Bxf3 20. gxf3 Ne6 21. Rd1 Bf6 22. Red7 h5 23. Bc4 h4 24. Bxe6 fxe6 25. Nd4 e5 26. Ne6 Rf7 27. Nc7 Rxd7 28. Rxd7 Rd8 29. Rxd8+ Bxd8 30. Nd5 Kf7 31. h3 Ke6 32. c4 b5 33. b3 Kd6 34. Kf1 bxc4 35. bxc4 Kc5 36. Nc3 Kxc4 37. Ne4 Kb4 38. Nd6 Bc7 39. Ne4 Ba5 40. Ke2 Ka3 41. Kd3 Kxa2 42. Kc4 Bb6 43. Kd5 Bd4 44. Ke6 a5 45. Kf6 a4 46. Kxg6 a3 47. Kg5 Kb2 0-1

[Event "FRA-chT4 0203"]
[Site "Champagne Ardenne"]
[Date "2003.04.06"]
[Round "7"]
[White "Thevenin, Alain"]
[Black "Bultel, Bruno"]
[Result "0-1"]
[WhiteElo "1980"]
[BlackElo "1910"]
[PlyCount "73"]
[EventDate "2002.10.02"]
[EventType "team"]
[EventRounds "7"]
[EventCountry "FRA"]
[SourceTitle "EXT 2005"]
[Source "ChessBase"]
[SourceDate "2004.11.15"]
[SourceVersion "1"]
[SourceVersionDate "2004.11.15"]
[SourceQuality "1"]

1. d4 d5 2. Nf3 Nf6 3. g3 Bd7 4. Bg2 e6 5. 0-0 Bd6 6. c4 Bc6 7. c5 Be7 8. Ne5 Nfd7 9. Nxc6 Nxc6 10. b4 Nxb4 11. Qb3 Nc6 12. Qxb7 Nxd4 13. Ba3 Rb8 14. Qa6 Nc2 15. c6 Nb6 16. e4 d4 17. Bxe7 Kxe7 18. Nd2 Nxa1 19. Rxa1 Qd6 20. e5 Qb4 21. Qxa7 Rhc8 22. Nb3 Ra8 23. Qb7 d3 24. Rd1 Qc3 25. Bf1 Qxe5 26. Rxd3 Rcb8 27. f4 Rxb7 28. cxb7 Qe1 29. bxa8Q Nxa8 30. Nc5 Nb6 31. a4 Nd5 32. Rf3 Ne3 33. Nd3 Qd2 34. Rf2 Qa5 35. Ne5 Qb6 36. Bb5 Nd1 37. Nc6+ 0-1